Vyhláška Ministerstva hospodárstva Slovenskej republiky č. 15/1998 Z.z. o podmienkach udeľovania úradného povolenia na dovoz a vývoz tovaru a služieb ...

Znenie vyhlášky MH SR č. 15/1998 Z.z. o podmienkach udeľovania úradného povolenia na dovoz a vývoz tovaru a služieb v znení neskorších predpisov a vyhlášky č. 163/1999 Z.z. Prílohy A,B,C,D,F,G,H. Zoznam tovaru podliehajúceho licenčnému konaniu pri dovoze a vývoze. Žiadosti o povolenie a udelenie lic...

Full description

Saved in:
Bibliographic Details
Format: Book Chapter
Language:Slovak
Subjects:
Tags: Add Tag
No Tags, Be the first to tag this record!

MARC

LEADER 00000naa a2200000 4500
001 r036140
005 20230926081620.7
041 0 |a slo 
044 |a SK 
245 1 0 |a Vyhláška Ministerstva hospodárstva Slovenskej republiky č. 15/1998 Z.z. o podmienkach udeľovania úradného povolenia na dovoz a vývoz tovaru a služieb ... 
520 |a Znenie vyhlášky MH SR č. 15/1998 Z.z. o podmienkach udeľovania úradného povolenia na dovoz a vývoz tovaru a služieb v znení neskorších predpisov a vyhlášky č. 163/1999 Z.z. Prílohy A,B,C,D,F,G,H. Zoznam tovaru podliehajúceho licenčnému konaniu pri dovoze a vývoze. Žiadosti o povolenie a udelenie licencie na dovoz a vývoz tovaru. 
610 2 0 |a licencie 
610 2 0 |a dovoz 
610 2 0 |a vývoz 
610 2 0 |a tovar 
610 2 0 |a služby 
610 2 0 |a vyhlášky 
610 2 0 |a MH SR Bratislava 
610 2 0 |a 1998-1999